000 00349 a2200157 4500
001 71235
020 _a
040 _cAnchieta - Colégio São Paulo
100 _aMurray, Roseana
240 1 0 _aO traço e a traça
_lpor
245 1 0 _aO traço e a traça
300 _a31
362 0 _a1984
650 4 _aLiteratura infanto-juvenil
942 _cBK
999 _c71235
_d71235